Städte und Gemeinden Hessens A-Z - Statistiken

Allgemein
  • Dieses Quiz wurde 69 mal gespielt
  • Das Durchschnittsergebnis liegt bei 16 aus 23
Antwortstatistiken
Hinweis Antwort % Korrekt
F Größte Stadt Hessens, bekannt für sein Bankenviertel mit Sitz der EZB und Börse sowie Deutschlands größten Flughafen Frankfurt am Main
98%
D Großstadt in Südhessen, nach der ein chemisches Element benannt ist, welches im ansässigen Institut für Schwerionenforschung erzeugt wurde Darmstadt
96%
K Großstadt in Nordhessen mit Bergpark und Fernbahnhof Wilhelmshöhe und Tapetenmuseum Kassel
96%
M Kreis- und Universitätsstadt mit Elisabethkirche und Landgrafenschloss, Namensgeber der Ärztegewerkschaft Marburg
95%
G Kreisstadt in Mittelhessen mit Justus-Liebig-Universität und Elefantenklo Gießen
93%
H Großstadt im Main-Kinzig-Kreis, in der die Brüder Grimm geboren wurden und in der sich 2020 ein rechtsextremer Anschlag ereignete Hanau
93%
O Großstadt am Main. Die Fans der dortigen Kicker pflegen eine Rivalität zur SGE in #F Offenbach am Main
93%
L Domstadt an der Lahn, dessen ehemaliger Bischof Tebartz von Elst wegen Verschwendungsvorwürfen zurücktreten musste Limburg a.d. Lahn
91%
R Stadt südlich von #F und Wiesbaden, in der Opel seinen Stammsitz hat Rüsselsheim am Main
88%
W Kreisstadt des Lahn-Dill-Kreises, Sitz von Leica und Leitz und Handlungsort der Leiden des jungen Werthers, sowie mit dem HSG in der Handball-Bundesliga Wetzlar
75%
T Stadt im Taunus nördlich von Wiesbaden, ein aus dem Stadtteil Wehen stammender Fußballverein spielt mittlerweile in der 2. Bundesliga Taunusstein
67%
C Gemeinde in Nordhessen, in der sich der Regionalflughafen von #K befindet Calden
65%
N Stadt im südlichen Speckgürtel von #F, wichtiger Wirtschaftsstandort, in dem sich die Hugenottenhalle befindet Neu-Isenburg
63%
I Stadt im Taunus nördlich von Wiesbaden mit mittelalterlicher Altstadt samt Residenzschloss und privater Fresenius-Hochschule Idstein
60%
V Stadt im Bergstraßen-Kreis nordöstlich von Mannheim zwischen A6 (die dort die A67 und A659 kreuzt) und A7 Viernheim
60%
B Kleinstadt im Kreis Hersfeld-Rotenburg, dessen Bahnhof ein wichtiger Verkehrsknotenpunkt in Osthessen ist Bebra
54%
S "Einhardstadt" am Main an der Grenze zu Bayern östlich von #O, welche vom Biographen Karl des Großen gegründet eine wichtige Kaiserpfalz im Mittelalter war Seligenstadt
54%
P Stadt südlich von #D an der Modau, Wohnort von Hans-Joachim Heist (Gernot Haßknecht) Pfungstadt
49%
U "Buchfinkenstadt" im Hochtaunuskreis, ehemaliger Sitz eines gleichnamigen nassauischen Fürstengeschlechts Usingen
49%
E Mittelalterliche Kleinstadt im Werra-Meißner-Kreis, in der das Open Flair Festival stattfindet Eschwege
46%
Z Alte Kleinstadt im Bergstraßen-Kreis mit abgetragener Burg und mittelalterlicher Altstadt Zwingenberg (Bergstraße)
32%
J Gemeinde im Schwalm-Eder-Kreis mit gleichnamiger Burg, sowie Burg Densberg Jesberg
25%
A Kleinstadt an der Ohm im Landkreis #M-Biedenkopf, in der Bonifatius ein Kloster zur Christianisierung Oberhessens gründete Amöneburg
19%
Keine übereinstimmenden Quizze gefunden
Verteilung der Resultate
Anzahl Personen mit jedem Resultat
Perzentil nach korrekt beantworteten Fragen
Ihre Resultats-Entwicklung
Sie haben dieses Quiz noch nicht gespielt